Základná škola Margecany

Bibliographic Details
Main Author: Mareková, Jana (Author)
Format: Article
Language:Slovak
PhysicalDescription:Fotogr.
ISSN:1336-7161
Subjects:

MARC

LEADER 00000nab a2200000 ar4500
001 vtls008426193
003 SK-MaSNL
005 20260303065935.0
008 060124c2005 xo mr|p||| |000 b|slo
015 |a SNBRB2006/01 
038 |a SPK 
040 |a SPKCL  |b slo  |c AACR2  |e AACR2 
041 0 |a slo 
044 |a xo  |c SK 
080 |a 373.3  |x (437.6)  |2 UDC-MRF-SK2 
100 1 |a Mareková, Jana  |4 aut  |9 406371 
245 1 0 |a Základná škola Margecany  |c Jana Mareková 
300 |b Fotogr. 
610 2 7 |a Základná škola (Margecany, Slovensko)   |2 snkbucl  |9 1066669 
650 0 7 |a Základná škola  |2 spk  |9 771302 
650 0 7 |a činnosť  |2 spk  |9 282874 
650 0 7 |a projekty  |2 snkbucl  |9 18866 
650 0 7 |a výtvarná tvorba  |2 snkbucl  |9 961890 
651 7 |a Margecany (Slovensko)  |2 spk  |9 43538 
773 0 |t Pán učiteľ : časopis pre učiteľov, rodičov a žiakov  |g Roč. 1, č. 3 (2005), s. 10  |x 1336-7161 
852 |a SPK  |b KIS3GCP 
999 |c 1753341  |d 1755271